000 00518nam a22001817a 4500
003 0
005 20231005121834.0
008 231005b xxu||||| |||| 00| 0 eng d
020 _a978-0-141-34684-7
050 _aPZ 7
_b .R4829 2013
100 _aRiordan, Rick
245 _aPercy Jackson and the sea of monsters
_cRick Riordan
260 _aUnited Kingdom
_bPuffin Books
_cc2013.
300 _a263 pages ;
_c20 cm.
440 _aThe Percy Jackson series
650 _aGreek mythology--Fiction.
942 _2lcc
_cBK
999 _c365468
_d365468